A History of the Freedom Movement, Volume- 2, 1831-1905, Part-1 / (Record no. 19419)

MARC details
000 -LEADER
fixed length control field 00653nam a22001937a 4500
003 - CONTROL NUMBER IDENTIFIER
control field BDDh-ASL
005 - DATE AND TIME OF LATEST TRANSACTION
control field 20231015025759.0
008 - FIXED-LENGTH DATA ELEMENTS--GENERAL INFORMATION
fixed length control field 201128s1960 pk ||||| |||| 00| 0 eng d
040 ## - CATALOGING SOURCE
Original cataloging agency BDDh-ASL
Transcribing agency BDDh-ASL
082 ## - DEWEY DECIMAL CLASSIFICATION NUMBER
Classification number 954
Item number HIS
110 1# - MAIN ENTRY--CORPORATE NAME
9 (RLIN) 2280
Corporate name or jurisdiction name as entry element Pakistan Historical Society, Karachi
245 02 - TITLE STATEMENT
Title A History of the Freedom Movement, Volume- 2, 1831-1905, Part-1 /
260 ## - PUBLICATION, DISTRIBUTION, ETC.
Place of publication, distribution, etc. Karachi :
Name of publisher, distributor, etc. Pakistan Historical Society,
Date of publication, distribution, etc. 1960.
300 ## - PHYSICAL DESCRIPTION
Extent 332 p. :
Dimensions 25 cm.
504 ## - BIBLIOGRAPHY, ETC. NOTE
Bibliography, etc. note Includes bibliographical references and index.
650 #0 - SUBJECT ADDED ENTRY--TOPICAL TERM
9 (RLIN) 2281
Topical term or geographic name entry element Freedom Movement
General subdivision History
Chronological subdivision 1831-1905
Geographic subdivision India
700 1# - ADDED ENTRY--PERSONAL NAME
9 (RLIN) 2279
Personal name Husain, Mahmud
942 ## - ADDED ENTRY ELEMENTS (KOHA)
Source of classification or shelving scheme Dewey Decimal Classification
Koha item type Books
Holdings
Withdrawn status Lost status Source of classification or shelving scheme Damaged status Not for loan Collection code Home library Current library Shelving location Date acquired Source of acquisition Serial Enumeration / chronology Total Checkouts Full call number Barcode Date last seen Copy number Price effective from Koha item type Public note
    Dewey Decimal Classification     Non-fiction Asiatic Society Library Asiatic Society Library Sirajul Islam Collection 11/28/2020 Donated by Professor Sirajul Islam, FRHS V-2   954 HIS 102749 11/28/2020 C-1 11/28/2020 Books RARE

Powered by Koha